Premier League teams 2015/2016 - Statistics

General Stats
  • This quiz has been taken 23 times
  • The average score is 17 of 20
Answer Stats
Position Points Team % Correct
2 71 Arsenal
100%
1 81 Leicester City
100%
8 60 Liverpool
100%
4 66 Manchester City
100%
3 70 Tottenham Hotspur
100%
5 66 Manchester United
95%
10 50 Chelsea
90%
11 47 Everton
90%
20 17 Aston Villa
85%
7 62 West Ham United
85%
15 42 Crystal Palace
80%
18 37 Newcastle United
80%
6 63 Southampton
80%
9 51 Stoke City
80%
14 43 West Bromwich Albion
80%
12 47 Swansea City
75%
16 42 Bournemouth
70%
19 34 Norwich City
70%
17 39 Sunderland
70%
13 45 Watford
55%
No matching quizzes found
Score Distribution
Percent of People with Each Score
Percentile by Number Answered
Your Score History
You have not taken this quiz